000 00477nam a2200181Ia 4500
005 20250326124238.0
008 250326s9999 xx 000 0 und d
037 _aTextbook
040 _aFMSL
_beng
_cFMSL
041 _aeng
_2eng
084 _aX:512 K9;3
_qFMSL
100 _aDowning G D
_9737079
245 0 _aSales management
_cDowning G D
260 _aNY
_bNY, John Wiley
_c1969
300 _a392p
942 _cTB
_hX:512 K9;3
999 _c1272918
_d1272918